سيمون دي بوفوار / (رقم التسجيلة. 91731)

تفاصيل مارك
000 -LEADER
fixed length control field 00607nam a22002057a 4500
005 - DATE AND TIME OF LATEST TRANSACTION
control field 20251108172920.0
008 - FIXED-LENGTH DATA ELEMENTS--GENERAL INFORMATION
fixed length control field 250721s9999 xx 000 0 ara d
082 14 - DEWEY DECIMAL CLASSIFICATION NUMBER
Classification number ط/920/بدو
100 1# - MAIN ENTRY--PERSONAL NAME
Personal name البدوي، خليل
Relator term comp.
245 10 - TITLE STATEMENT
Title سيمون دي بوفوار /
264 1# - PRODUCTION, PUBLICATION, DISTRIBUTION, MANUFACTURE, AND COPYRIGHT NOTICE
Place of production, publication, distribution, manufacture عمان :
Name of producer, publisher, distributor, manufacturer دار الاسراء للنشر والتوزيع،
300 ## - PHYSICAL DESCRIPTION
Extent 16/ص
490 0# - SERIES STATEMENT
Series statement الناجحون
Volume/sequential designation 9
650 17 - SUBJECT ADDED ENTRY--TOPICAL TERM
Topical term or geographic name as entry element التراجم
650 17 - SUBJECT ADDED ENTRY--TOPICAL TERM
Topical term or geographic name as entry element الرجال
650 17 - SUBJECT ADDED ENTRY--TOPICAL TERM
Topical term or geographic name as entry element العلماء
653 ## - INDEX TERM--UNCONTROLLED
Uncontrolled term اطفال مرحلة متوسطة ( 6-9) سنوات
942 ## - ADDED ENTRY ELEMENTS (KOHA)
Source of classification or shelving scheme Dewey Decimal Classification
Koha item type كتب
المقتنيات
حالة السحب حالة الفقدان مصدر التصنيف حالة التلف غير قابل للإعارة المكتبة الرئيسية المكتبة الحالية موقع الرف تاريخ التزويد الرقم المتسلسل Total Checkouts رقم الإستدعاء تاريخ آخر ظهور تاريخ الفاتورة نوع المادة (كوها) الباركود
    Dewey Decimal Classification     مكتبة قتيبة للأطفال مكتبة قتيبة للأطفال الأطفال 19/11/2017 1665495   ط/920/بدو 28/07/2025 19/11/2017 كتب PLD00411242
    Dewey Decimal Classification     مكتبة الأميرة ايمان العامة مكتبة الأميرة ايمان العامة الأطفال 23/11/2013 [2973].   ط/920/بدو 28/07/2025 23/11/2013 كتب PLD00287636
    Dewey Decimal Classification     مكتبة الاميرة بديعة مكتبة الاميرة بديعة الأطفال 14/07/2015 [2626]..   ط/920/بدو 28/07/2025 14/07/2015 كتب PLD00337886
    Dewey Decimal Classification     مكتبة الحسن العامة مكتبة الحسن العامة الأطفال 31/08/2018 02830   ط/920/بدو 28/07/2025 31/08/2018 كتب PLD00428986
    Dewey Decimal Classification Unchecked   مكتبة الراية الهاشمية للأطفال مكتبة الراية الهاشمية للأطفال الأطفال 28/07/2025 295212   ط/920/بدو 28/07/2025 28/07/2025 كتب  
    Dewey Decimal Classification     مكتبة الراية الهاشمية للأطفال مكتبة الراية الهاشمية للأطفال الأطفال 04/01/2003 295212   ط/920/بدو 28/07/2025 04/01/2003 كتب PLD00358921
    Dewey Decimal Classification     مكتبة وادي السير العامة مكتبة وادي السير العامة الأطفال 15/11/2015 [3088]..   ط/920/بدو 28/07/2025 15/11/2015 كتب PLD00364513
    Dewey Decimal Classification     مكتبةمؤتة مكتبةمؤتة الأطفال 27/06/2014 ( 1678 )   ط/920/بدو 28/07/2025 27/06/2014 كتب PLD00331097
Implemented & Customized by: BBB with SCIT (Smart Chains for Information Technology)

Powered by Koha